Gas analysis /

Bibliographic Details
Main Author: Dennis, L. M. (Louis Munroe), 1863-1936
Other Authors: Nichols, Melvin Lovel, 1894-
Format: Book
Language:English
Published: New York : The Macmillan company, 1929.
Edition:Rev. ed.
Subjects:

MARC

Tag First Indicator Second Indicator Subfields
LEADER 00000cam a2200000 4500
001 in00000052405
005 20151007070127.0
008 750611s1929 nyu 00000 eng u
010 |a  29022030  
035 |a (OCoLC)01385885 
035 |9 AAE3388AM 
040 |c TYC  |d TXA  |d UtOrBLW 
049 |a TXAM  |c [101688] 
050 0 0 |a QD121  |b .D4 1929 
092 |a 545.7  |b D411g, Rev. ed. 
100 1 |a Dennis, L. M.  |q (Louis Munroe),  |d 1863-1936. 
245 1 0 |a Gas analysis /  |c by L. M. Dennis and M. L. Nichols. 
250 |a Rev. ed. 
264 1 |a New York :  |b The Macmillan company,  |c 1929. 
300 |a xix, 499 pages :  |b illustrations, diagrams ;  |c 21 cm. 
336 |a text  |b txt  |2 rdacontent 
337 |a unmediated  |b n  |2 rdamedia 
338 |a volume  |b nc  |2 rdacarrier 
650 0 |a Gases  |x Analysis. 
700 1 |a Nichols, Melvin Lovel,  |d 1894- 
999 |a MARS 
999 f f |s 88cffdbb-1753-3006-a2a3-88ca1419fe08  |i ca57650d-5967-3574-88e4-f57f064525b6  |t 0 
952 f f |p ric  |a Texas A&M University  |b Rellis Campus  |c Joint Library Facility  |d Remote Storage  |t 0  |e QD121 .D4 1929  |h Library of Congress classification  |i unmediated -- volume  |m A14800941083 
998 f f |a QD121 .D4 1929  |t 0  |l Remote Storage